| 000 | 00715nam a22002292 4500 | ||
|---|---|---|---|
| 001 | 0000020674 | ||
| 005 | 20151217152219.0 | ||
| 008 | 111003s xx 000 0 eng d | ||
| 020 | _a076199810 : | ||
| 040 |
_aKABU _cKABU |
||
| 100 | 1 |
_aVilanilam, J. V. _@0000181172 |
|
| 245 | 1 | 0 |
_aAdvertising basics! : _ba resorce guide for beginners / _cJ. V. Vilanilam, A. K. Varghese. |
| 250 | _a1st ed. | ||
| 260 |
_aLondon : _bResponse Books, _c2004. |
||
| 300 | _axi, 200 p. | ||
| 650 | 0 |
_aAdvertising. _@0000071054 |
|
| 650 | 0 |
_aAdvertising agencies. _@0000181173 |
|
| 700 | 1 |
_aVarghese, A. K. _@0000181174 |
|
| 852 | 1 | _9p2261.45 KES | |
| 908 | _a111003 | ||
| 950 | _@1 | ||
| 999 |
_c9454 _d9454 |
||